| 000 | 01136cam a2200313 4500 | ||
|---|---|---|---|
| 999 |
_c6960 _d6960 |
||
| 001 | 8083 | ||
| 005 | 20190415114902.0 | ||
| 008 | 890515r19901935nyua b 000 0 eng d | ||
| 010 | _a 89045672 | ||
| 020 | _a9780060916480 | ||
| 082 | 0 | 4 | _a301 H96m 1990 |
| 100 | 1 | _aHurston, Zora Neale. | |
| 245 | 1 | 0 |
_aMules and men / _cZora Neale Hurston ; preface by Franz Boas ; with a new foreword by Arnold Rampersad ; illustrations by Miguel Covarrubias. |
| 250 | _a1st Perennial Library ed. | ||
| 260 |
_aNew York : _bPerennial Library, _c1990. |
||
| 300 |
_axxiii, 309 p. : _bill. ; _c21 cm. |
||
| 500 | _aOriginally published: J.B. Lippincott, c1935. | ||
| 504 | _aIncludes bibliographical references (p. 299-302). | ||
| 650 | 0 |
_aAfrican Americans _zFlorida _vFolklore. |
|
| 650 | 0 |
_aAfrican Americans _zFlorida _vMusic. |
|
| 650 | 0 |
_aAfrican Americans _zFlorida. |
|
| 650 | 0 |
_aAfrican Americans _zLouisiana _vFolklore. |
|
| 650 | 0 |
_aAfrican Americans _zLouisiana _vMusic. |
|
| 650 | 0 |
_aAfrican Americans _zLouisiana. |
|
| 650 | 0 |
_aTales _zFlorida. |
|
| 650 | 0 |
_aTales _zLouisiana. |
|
| 650 | 0 |
_aVodou _zLouisiana. |
|
| 942 |
_2ddc _cMAIN |
||